000 01199nam a2200349 4500
001 156
003 OSt
005 20250528074013.0
008 250129b |||||||g |||| 00| 1 eng d
020 _a8571232040
040 _bpor
041 _heng
_apor
082 _a813
_bC587s
100 1 _aClancy, Tom,
_d1947-2013
_9294
240 _aWithout Remorse
245 _aSem remorso /
_cClancy, Tom ; Tradução de Ronaldo Sergio de Biasi
250 _a3° edição
260 _aRio de Janeiro
_bRecord
_c1996
300 _a700 p.
490 1 _aTom Clancy´s Jack Ryan
_vLivro 01
520 _aUm ex combatente do Vietnam se envolve com uma jovem drogada, o que vai desencadear uma verdadeira guerra em Baltimore, quando a jovem é assassinada. Entre guerra com traficantes e retornos ao Vietnan, o protagonista acaba sendo recrutado pela CIA.
650 0 _aLiteratura Americana
_984
650 0 _aCrime e Investigação
_913
650 0 _aAção
_964
650 0 _aSuspense
_910
650 0 _aFilme
_926
655 0 _aRomance
_923
655 0 _aFicção
_922
700 _aRonaldo Sergio de Biasi
_eTradutor
_981
830 _aTom Clancy´s Jack Ryan
_vLivro 01
_9299
942 _2ddc
_n0
_cBK
999 _c156
_d156